| 000 | 00896nam a2200289 i 4500 | ||
|---|---|---|---|
| 001 | 000039245 | ||
| 003 | DO-SdBNP | ||
| 005 | 20250707131901.0 | ||
| 007 | ta | ||
| 008 | 130617s1993 dr r 000 0 spa d | ||
| 040 |
_aDO-SdBNP _bspa _cBNPHU _erda |
||
| 041 | _aspa | ||
| 082 | 4 |
_aRD863.44 _bB483j _222 |
|
| 100 | 1 |
_aBeras Goico, Freddy, _d1940-2010 _eautor _4aut. _91913 |
|
| 245 | 1 | 0 |
_aJuan de los palotes / _cFreddy Beras Goico. |
| 264 |
_aSanto Domingo, República Dominicana : _bEditora Taller, _c1993. |
||
| 300 |
_a344 páginas ; _c20 cm. |
||
| 336 |
_atexto _btxt _2rdacontent |
||
| 337 |
_asin mediación _bn _2rdamedia |
||
| 338 |
_avolumen _bnc _2rdacarrier |
||
| 490 |
_aBiblioteca Taller _v296 |
||
| 590 | _aInventariado, 2018/BT | ||
| 650 | 0 |
_aNovela dominicana _9223 |
|
| 650 | 0 |
_aLiteratura dominicana. _967 |
|
| 910 | _aValidado. control de calidad. MFF | ||
| 942 |
_2ddc _cLBS1 |
||
| 999 |
_c38735 _d38735 |
||